000 00474nam a2200193Ia 4500
005 20240823032005.0
008 240823s9999||||xx |||||||||||||| ||und||
020 _a978-81-7223-925-1
041 _aENGLISH
082 _A813.54 Q0
100 _asomnath Chatterjee
245 0 _aKeeping the Faith memoirs of a Parliamentarian
250 _a1st
260 _c2010
_bHarper Collins Publi
500 _aYES
650 _aFaith
_bGeneral
942 _cBK
999 _c192379
_d192379